Sports Quiz

Random Sports or Baseball Quiz

MLB Multiple-Team States Quiz Stats

 Plays Quiz Updated Jul 3, 2017

Support Sporcle.
Go Orange.
Score 0/8 Timer 01:00
9 Plays Today
State % Correct
California (Angels, Athletics, Dodgers, Giants, Padres)
98.3%
New York (Mets, Yankees)
98.1%
Florida (Marlins, Rays)
94.4%
Texas (Astros, Rangers)
92.7%
Illinois (Cubs, White Sox)
81.7%
Ohio (Indians, Reds)
73.5%
Pennsylvania (Phillies, Pirates)
71.7%
Missouri (Cardinals, Royals)
63.5%

From the Vault

Harry Potter Family Surname Pairs

by sproutcm

This quiz is definitely a family affair.
Remove Ads.
Support Sporcle.
Get the best of Sporcle when you Go Orange. This ad-free experience offers more features, more stats, and more fun while also helping to support Sporcle. Thank you for becoming a member.

Show Comments

Extras

Top Quizzes Today


Score Distribution

Your Account Isn't Verified!

In order to create a playlist on Sporcle, you need to verify the email address you used during registration. Go to your Sporcle Settings to finish the process.

Report this User

Report this user for behavior that violates our Community Guidelines.

Details: